Sustainable cities in Europe (Record no. 287869)

MARC details
000 -LEADER
fixed length control field 00766nam a2200253Ia 4500
008 - FIXED-LENGTH DATA ELEMENTS--GENERAL INFORMATION
fixed length control field 191130s2009##################000#0#eng##
020 ## - INTERNATIONAL STANDARD BOOK NUMBER
ISBN 9781844079827
082 ## - DEWEY DECIMAL CLASSIFICATION NUMBER
Classification number 307.76094 NIJ
100 ## - MAIN ENTRY--AUTHOR NAME
Personal name Nijkamp, Peter
245 ## - TITLE STATEMENT
Title Sustainable cities in Europe
Statement of responsibility, etc Peter Nijkamp and Adriaan Perrels
250 ## - EDITION STATEMENT
Edition statement 1st ed
260 ## - PUBLICATION, DISTRIBUTION, ETC. (IMPRINT)
Place of publication Sterling, VA
Name of publisher Earthscan
Year of publication c2009
300 ## - PHYSICAL DESCRIPTION
Number of Pages viii, 141 p. : ill. ; 25 cm
500 ## - GENERAL NOTE
General note Includes bibliographical references and index
650 ## - SUBJECT ADDED ENTRY--TOPICAL TERM
Topical Term Cities and towns - Europe
Topical Term Cities and towns - Growth
Topical Term Sustainable development
700 ## - ADDED ENTRY--PERSONAL NAME
Personal name Perrels, A. H
991 ## -
-- 198866
Holdings
Withdrawn status Lost status Damaged status Not for loan Home library Current library Shelving location Date acquired Full call number Accession Number Price effective from Koha item type
        Anna Centenary Library Anna Centenary Library 3RD FLOOR, B WING 15.10.2020 307.76094 NIJ 400218 15.10.2020 English Books
        Anna Centenary Library Anna Centenary Library 3RD FLOOR, B WING 15.10.2020 307.76094 NIJ 445675 15.10.2020 English Books

Find us on the map